Welcome to the Holygrace Academy Library

Please use search bar below to get started

SCHOOL ORGANISATION, ADMINISTRATION AND MANAGEMENT (Record no. 5364)

MARC details
000 -LEADER
fixed length control field 00445nam a22001337a 4500
082 ## - DEWEY DECIMAL CLASSIFICATION NUMBER
Classification number 650
Item number SAC/S
100 ## - MAIN ENTRY--AUTHOR NAME
Personal name SACHDEVA, M S
245 ## - TITLE STATEMENT
Title SCHOOL ORGANISATION, ADMINISTRATION AND MANAGEMENT
260 ## - PUBLICATION, DISTRIBUTION, ETC. (IMPRINT)
Place of publication LUDHIANA
Name of publisher TANDON PUBLICATIONS
300 ## - PHYSICAL DESCRIPTION
Number of Pages 444
520 ## - SUMMARY, ETC.
Summary, etc The main objective is to familiarize on the need and importance of school organization, administration and management.
650 ## - SUBJECT ADDED ENTRY--TOPICAL TERM
Topical Term SCHOOL MANAGEMENT SYSTEM
Geographic subdivision INDIA
942 ## - ADDED ENTRY ELEMENTS (KOHA)
Koha item type Books
Holdings
Withdrawn status Lost status Collection code Home library Current library Shelving location Date acquired Source of acquisition Cost, normal purchase price Full call number Accession Number Koha item type
    Reference Main Library Main Library   24/10/2006 purchase 170.50 650 SAC/S 04226 Books